000 00363nam a22001577a 4500
003 SGT
020 _a978-81-7910-350-0
082 _a808.52
_bSIN
100 _aSINHA, DR. MOSAM
245 _aEFFECTIVE COMMUNICATION SKILLS
250 _a1ST
260 _aINDIA
_bAAVISHKAR PUB.
_c2020
300 _a375
650 _aCOMMUNICATION SKILLS
942 _2ddc
_cBK
999 _c28580
_d28580